Statistics for Guess the Taylor Swift song no hints #25

Click here to take the quiz!

General Stats

  • This quiz has been taken 71 times
  • The average score is 356 of 434

Answer Stats

Answer% Correct
a
100%
(I
100%
I
100%
You
100%
you
100%
you)
100%
the
98%
mmh
97%
are
95%
me
95%
And
93%
and
93%
in
93%
it
92%
(it
92%
(to
92%
to
92%
your
92%
my
90%
That
90%
her
88%
so
88%
you're
88%
You're
88%
know
87%
mine
87%
not
87%
us
87%
can
85%
(I'm
85%
I'm
85%
think
85%
too
85%
(what
85%
what
85%
don't
83%
have
83%
have)
83%
of
83%
Of
83%
on
83%
this
83%
(this
83%
here
82%
like
82%
as
80%
But
80%
but
80%
(but
80%
can't
80%
If
80%
if
80%
I'll
80%
make
80%
say?
80%
say
80%
say)
80%
about
78%
At
78%
at
78%
(look
78%
look
78%
oh
78%
than
78%
by
77%
Cause
77%
(feel
77%
feel
77%
for
77%
got
77%
hate
77%
should
77%
way)
77%
way
77%
back
75%
face)
75%
face
75%
He's
75%
he's
75%
home
75%
mad
75%
made
75%
much)
75%
much
75%
that's
75%
There's
75%
Alone
73%
along
73%
come
73%
(gorgeous)
73%
gorgeous)
73%
gorgeous
73%
just
73%
more
73%
nothing
73%
talk
73%
wanna
73%
anything
72%
cats
72%
compliment
72%
doing
72%
makes
72%
making
72%
sad
72%
sad)
72%
take
72%
you've
72%
You've
72%
being
70%
boyfriend
70%
club
70%
consequence
70%
fun
70%
girlfriend
70%
honestly
70%
jealous
70%
might
70%
older
70%
single
70%
turns
70%
unless
70%
furious
68%
furious)
68%
Guess
68%
hand
68%
ice
68%
life
68%
little
68%
Sunset
68%
blue
67%
dark
67%
(dark
67%
drunk
67%
everyone
67%
happy
67%
hurts)
67%
hurts
67%
room
67%
room)
67%
strong
67%
talking
67%
worse
67%
actually
65%
cool
65%
magnetic
65%
ruined
65%
stumble
65%
Whiskey
65%
yeah
65%
die
63%
drown
63%
eyes
63%
field
63%
Ocean
63%
sink
63%
vine
63%
looking
62%
touching
60%
darkened
58%
(honey
57%

Score Distribution

Percentile by Number Answered

Percent of People with Each Score

Your Score History

You have not taken this quiz